| 000 | 00753nam a2200265Ia 4500 | ||
|---|---|---|---|
| 001 | Para_2613 | ||
| 003 | CHAP | ||
| 008 | 220125s1896 xx 000 0 und d | ||
| 010 | _a201165 | ||
| 040 | _cCHAP | ||
| 082 | _aPA-C 630.5 Y4 | ||
| 245 |
_aYearbook of the United States / _c EUA. Department of Agriculture |
||
| 260 |
_aWashington : _b El Departamento |
||
| 300 | _av | ||
| 500 | _aLa biblioteca tiene : 1896; 1908; 1930; 1943-47 (Science in farming) | ||
| 650 |
_aAgricultura _x Anuarios _91188 |
||
| 650 |
_aAgricultura _x EUA. _9166031 |
||
| 901 | _aPA-C 630.5 Y4 | ||
| 902 | _aM | ||
| 905 | _a0000001896- WASa 0000000000 00 | ||
| 910 | _a1896 | ||
| 942 | _cPARA | ||
| 942 |
_cPARA _d1 |
||
| 999 |
_c201165 _d201165 |
||